Представление документа в формате MARC21

Поле Инд. ПП Название Значение
Тип записи m
Библиографический уровень m
001 Контрольный номер 9b3709d853b342db9afab0c4777c153a
005 Дата корректировки 20190625104103.3
008 Кодируемые данные 180207|||||||||ru |||||||||||||||||rus||
020 a ISBN 978-5-86185-943-1 (общ.)
020 a ISBN 978-5-86185-944-8 (ч. 1)
040 b Код языка каталог. rus
041 0_ a Код языка текста rus
084 a Индекс другой классификации/Индекс ББК 20+3я431
090 x Авторский знак С 56
245 10 a Заглавие Современные эколого-биологические и химические исследования, техника и технология производств. Ч. 1
b Продолж. заглавия материалы междунар. науч.-практ. конф. (Мурманск, 7 апр. 2017 г.) : [в 2 ч.]
c Ответственность Федер. агентство по рыболовству, ФГБОУ ВО "Мурман. гос. техн. ун-т" ; редкол.: А. М. Ершов [и др.]
h Физич. носитель Электронный ресурс
256 a Характеристики компьютерного файла Электрон. текстовые дан. (1 файл : 15,2 Мб)
260 a Место издания Мурманск
b Издательство Изд-во МГТУ
c Дата издания 2017
300 a Объем 226 с.
b Иллюстрации/ тип воспроизводства ил.
500 a Примечание Доступ из локальной сети Мурман. гос. техн. ун-та. - Загл. с экрана
583 x Служебное примечание Полнотекстовые документы
x Служебное примечание Труды преподавателей МГТУ
651 _4 a Географическое наименование Кольский залив
651 _4 a Географическое наименование Баренцево море
653 0_ a Ключевые слова Актуальные вопросы биомедицины; Актуальные вопросы биохимии; Актуальные вопросы микробиологии; Исследования биологические; Исследования химические; Исследования эколого-биологические; Конференции научно-практические; Материалы конференций; Микробиологический мониторинг; Планктонные бактерии; Труды преподавателей МГТУ; Экологическая безопасность; Экосистемы водные; Электронные версии
700 1_ a Другие авторы Богданова О. Ю.
e Роль лиц автор
700 1_ a Другие авторы Быкова А. В.
e Роль лиц автор
700 12 a Другие авторы Горельникова А. Е.
e Роль лиц автор
700 12 a Другие авторы Губина Д. М.
e Роль лиц автор
700 1_ a Другие авторы Ключко Е. В.
e Роль лиц автор
700 1_ a Другие авторы Кривенко О. Г.
e Роль лиц автор
700 1_ a Другие авторы Крамаренко О. Г.
e Роль лиц автор
700 1_ a Другие авторы Макаревич Е. В.
e Роль лиц автор
700 1_ a Другие авторы Мишанина Л. А.
e Роль лиц автор
700 12 a Другие авторы Ускова И. В.
e Роль лиц автор
700 12 a Другие авторы Овчинникова С. И.
e Роль лиц автор
700 12 a Другие авторы Перетрухина А. Т.
e Роль лиц автор
700 12 a Другие авторы Шкуратова Е. Б.
e Роль лиц автор
700 12 a Другие авторы Шокина Ю. В.
e Роль лиц автор
700 12 a Другие авторы Кравец П. П.
e Роль лиц автор
700 12 a Другие авторы Тюкина О. С.
e Роль лиц автор
700 12 a Другие авторы Малавенда С. В.
e Роль лиц автор
700 12 a Другие авторы Носов М. А.
e Роль лиц автор
700 12 a Другие авторы Пахомов М. В.
e Роль лиц Автор
700 12 a Другие авторы Облучинская Е. Д.
e Роль лиц автор
700 12 a Другие авторы Приймак Е. В.
e Роль лиц автор
700 12 a Другие авторы Приймак П. Г.
e Роль лиц автор
700 12 a Другие авторы Гудимов А. В.
e Роль лиц автор
700 12 a Другие авторы Зайцев А. А.
e Роль лиц автор
700 12 a Другие авторы Литвинова М. Ю.
e Роль лиц автор
700 12 a Другие авторы Кабанова Н. А.
e Роль лиц Автор
700 12 a Другие авторы Минченок Е. Е.
e Роль лиц автор
700 12 a Другие авторы Макаревич Е. В.
e Роль лиц Автор
700 12 a Другие авторы Троценко А. А.
e Роль лиц автор
700 12 a Другие авторы Яковлев А. П.
e Роль лиц автор
856 40 u URL https://elib.mauniver.ru/2017/SB_17_6.pdf
901 t Тип документа m